Zvesti Ministerstva školstva SSR a Ministerstva kultúry SSR

Uložené v:
Podrobná bibliografia
Médium: Seriál
Jazyk:Slovak
Vydavateľské údaje: Bratislava Slov. ped. nakl. 1988
Tagy: Pridať tag
Žiadne tagy, Buďte prvý, kto otaguje tento záznam!

MARC

LEADER 00000nas2a2200000 4500
001 s030248
005 20250730114140.3
041 0 |a slo 
044 |a SK 
245 1 0 |a Zvesti Ministerstva školstva SSR a Ministerstva kultúry SSR 
264 1 |a Bratislava  |b Slov. ped. nakl.  |c 1988 
773 0 |w eu_un_cat*0018034